| 000 | 00000nam 2200000za 4500 |
| 001 | 9.826935 |
| 003 | CaOODSP |
| 005 | 20221107144711 |
| 007 | cr ||||||||||| |
| 008 | 161103s2000 mbca fof f000 0 eng d |
| 040 | |aCaOODSP|beng |
| 043 | |an-cnp-- |
| 086 | 1 |aA93-40/2000E-PDF |
| 100 | 1 |aBell, Karen. |
| 245 | 10|aVisual identification of small oilseeds and weed seed contaminants |h[electronic resource] / |ctext by Karen Bell ; illustrations by Norma Vidal ; edited by Steve Symons. |
| 260 | |aWinnipeg : |bCanadian Grain Commission, |cc2000. |
| 300 | |a29 p. : |bill. |
| 490 | 1 |aGrain biology bulletin ; |vno. 3 |
| 500 | |aIssued also in French under title: Identification visuelle des petites graines oléagineuses et des graines de mauvaises herbes connexes. |
| 500 | |a"December 2000." |
| 504 | |aBibliography: p. 29. |
| 520 | |aThis bulletin has been produced as a tool for assisting grain inspectors in seed identification related to grain grading of small oilseeds crops--specifically domestic mustard seeds and canola/rapeseed indigenous to western Canada. Weed seeds discussed in this bulletin were selected based on being problematic in grain cleaning, end product quality or similarities in visual seed identification to oilseeds crops or other weed seeds of concern. |
| 692 | 07|2gccst|aGrains |
| 692 | 07|2gccst|aIdentification |
| 700 | 1 |aVidal, Norma. |
| 700 | 1 |aSymons, Steve. |
| 710 | 2 |aCanadian Grain Commission. |
| 775 | 08|tIdentification visuelle des petites graines oléagineuses et des graines de mauvaises herbes connexes |w(CaOODSP)9.826943 |
| 830 | #0|aGrain biology bulletin ; |
| 856 | 40|qPDF|s446 KB|uhttps://publications.gc.ca/collections/collection_2016/ccg-cgc/A93-40-2000-eng.pdf |